Slough office quarter report January, June, September & annual review 2000 (Record no. 100501)

MARC details
000 -LEADER
fixed length control field 00602cam a2200217 4500
001 - CONTROL NUMBER
control field J61265
008 - FIXED-LENGTH DATA ELEMENTS--GENERAL INFORMATION
fixed length control field 000000n2000 000 0 eng u
035 ## - SYSTEM CONTROL NUMBER
System control number (Sirsi) u105925
041 ## - LANGUAGE CODE
Language code of text/sound track or separate title eng
050 ## - LIBRARY OF CONGRESS CALL NUMBER
Classification number 333.337
110 ## - MAIN ENTRY--CORPORATE NAME
Corporate name or jurisdiction name as entry element Lambert Smith Hampton
9 (RLIN) 2865
245 ## - TITLE STATEMENT
Title Slough office quarter report January, June, September & annual review 2000
260 ## - PUBLICATION, DISTRIBUTION, ETC.
Place of publication, distribution, etc. Slough
Name of publisher, distributor, etc. Lambert Smith Hampton
Date of publication, distribution, etc. 2000
300 ## - PHYSICAL DESCRIPTION
Extent 4pt. ; 30cm.
650 ## - SUBJECT ADDED ENTRY--TOPICAL TERM
Topical term or geographic name entry element FLOORSPACE STATISTICS
650 ## - SUBJECT ADDED ENTRY--TOPICAL TERM
Topical term or geographic name entry element OFFICES
650 ## - SUBJECT ADDED ENTRY--TOPICAL TERM
Topical term or geographic name entry element SLOUGH
650 ## - SUBJECT ADDED ENTRY--TOPICAL TERM
Topical term or geographic name entry element PROPERTY MARKET
690 ## - LOCAL SUBJECT ADDED ENTRY--TOPICAL TERM (OCLC, RLIN)
Topical term or geographic name as entry element PROPERTY-COMMERCIAL PROPERTY
942 ## - ADDED ENTRY ELEMENTS (KOHA)
Suppress in OPAC 0
Holdings
Withdrawn status Lost status Source of classification or shelving scheme Damaged status Not for loan Home library Current library Shelving location Date acquired Total Checkouts Full call number Barcode Date last seen Copy number Price effective from Koha item type
    Dewey Decimal Classification     London London Property market reports 10/05/2000   PROPERTY MARKET REPORTS 30061265 06/08/2019 1 06/08/2019 Book
    Dewey Decimal Classification     London London Property market reports 08/08/2000   PROPERTY MARKET REPORTS 30062077 06/08/2019 2 06/08/2019 Book
    Dewey Decimal Classification     London London Property market reports 08/11/2000   PROPERTY MARKET REPORTS 30062390 06/08/2019 3 06/08/2019 Book
    Dewey Decimal Classification     London London Property market reports 15/02/2001   PROPERTY MARKET REPORTS 30063593 06/08/2019 4 06/08/2019 Book